Mavericks leading scorers - Statistics

General Stats
  • This quiz has been taken 5 times
  • The average score is 7 of 10
Answer Stats
Hint Answer % Correct
12,597 Derek Harper
100%
31,560 Dirk Nowitzki
100%
12,089 Luka Doncic
100%
13,930 Mark Aguirre
100%
16,643 Rolando Blackman
100%
9,953 Jason Terry
75%
12,389 Michael Finley
75%
7,623 Brad Davis
25%
6,614 Josh Howard
25%
6,766 Sam Perkins
25%
No matching quizzes found
Score Distribution
Percent of People with Each Score
Percentile by Number Answered
Your Score History
You have not taken this quiz